000 00555nam a2200181Ia 4500
008 240729s9999 xx 000 0 und d
022 _a2631-7745
245 0 _aTherapeutic Advances in Gastrointestinal Endoscopy
260 _aUnited Kingdom
260 _bSAGE Publishing
650 _a Diseases of the digestive system. Gastroenterology
650 _a Internal medicine
650 _a Specialties of internal medicine
650 _aMedicine
856 _uhttps://doaj.org/toc/489b8287503c4008ab4982fc95bf6ba5
942 _2ddc
942 _cDOAJEJ
999 _c67699
_d67699
945 _a1
_bMadushi Gamage
_c1
_dMadushi Gamage